TV Shows by Actors/Actresses Quiz Stats

 Plays Quiz Updated Dec 23, 2018

Challenge
Share
Tweet
Embed
Score 0/80 Timer 16:00
1 Play Today
Actors Show % Correct
David Schwimmer, Jennifer Aniston, Lisa KudrowFriends
89.7%
Kim Cattrall, Sarah Jessica Parker, Kristin DavisSex and the City
87%
Jon Cryer, Charlie Sheen, Angus T. JonesTwo and a Half Men
83.5%
Topher Grace, Ashton Kutcher, Laura PreponThat 70's Show
81.1%
Neil Patrick Harris, Josh Radnor, Cobie SmuldersHow I Met Your Mother
81%
Bea Arthur, Rue McClanahan, Betty WhiteGolden Girls
80.6%
Patricia Richardson, Tim Allen, Richard KarnHome Improvement
77.9%
Ellen Pompeo, Katherine Heigl, Sandra OhGrey's Anatomy
75.9%
Vanessa Williams, Eric Mabius, America FerreraUgly Betty
75.7%
Mary Lynn Rajskub, Kiefer Sutherland, Dennis Haysbert24
75.3%
Debra Messing, Megan Mullally, Eric McCormackWill & Grace
74.3%
Rhea Perlman, Ted Danson, George WendtCheers
72.6%
David Duchovny, Gillian Anderson, Mitch PileggiThe X-Files
72%
Katey Sagal, Ed O'Neill, Christina ApplegateMarried... With Children
71.5%
Mark-Paul Gosselaar, Dustin Diamond, Mario LopezSaved By The Bell
68.9%
Christa Miller, Busy Philipps, Courteney CoxCougar Town
67.5%
Lisa Bonet, Malcolm-Jamal Warner, Phylicia RashādThe Cosby Show
67.3%
Milo Ventimiglia, Zachary Quinto, Hayden PanettiereHeroes
65%
William Christopher, Loretta Swit, Alan AldaM*A*S*H
64.5%
Alyssa Milano, Shannen Doherty, Holly Marie CombsCharmed
62.8%
Aziz Ansari, Nick Offerman, Amy PoehlerParks and Recreation
62.2%
Jeremy Piven, Adrian Grenier, Kevin DillonEntourage
60.1%
Roger E. Mosley, John Hillerman, Tom SelleckMagnum, P.I.
59.6%
Bradley Whitford, John Spencer, Martin SheenThe West Wing
59.5%
Jaclyn Smith, Cheryl Ladd, Kate JacksonCharlie's Angels
57.5%
Don Knotts, Ron Howard, Jim NaborsThe Andy Griffith Show
56.9%
Ed Westwick, Blake Lively, Leighton MeesterGossip Girl
56.1%
Kirk Cameron, Joanna Kerns, Alan ThickeGrowing Pains
56%
Michael J. Fox, Richard Kind, Michael BoatmanSpin City
55.4%
Stephen Moyer, Anna Paquin, Sam TrammellTrue Blood
54.4%
Ben Savage, Rider Strong, Danielle FishelBoy Meets World
53.9%
Gabe Kaplan, Ron Palillo, John TravoltaWelcome Back, Kotter
53.7%
Matthew Fox, Scott Wolf, Neve CampbellParty of Five
53.4%
Micky Dolenz, Michael Nesmith, Davy JonesThe Monkees
53%
James Spader, Candice Bergen, William ShatnerBoston Legal
52.9%
Jeff Garlin, Cheryl Hines, Larry DavidCurb Your Enthusiasm
52.5%
Jimmy Smits, Dennis Franz, James McDanielNYPD Blue
52.2%
Kellie Shanygne Williams, Reginald VelJohnson, Jaleel WhiteFamily Matters
51.9%
Larry Hagman, Barbara Eden, Bill DailyI Dream Of Jeannie
51.2%
Cindy Williams, Michael McKean, Penny MarshallLaverne & Shirley
49.6%
Actors Show % Correct
David McCallum, Mark Harmon, Pauley PerretteNCIS: Naval Criminal Investigative Service
48.9%
Hilarie Burton, Chad Michael Murray, James LaffertyOne Tree Hill
47.5%
Eddie Cahill, Anna Belknap, Gary SiniseCSI: NY
47.4%
Amy Acker, David Boreanaz, Alexis DenisofAngel
47.1%
Michael Dorn, Patrick Stewart, Jonathan FrakesStar Trek: The Next Generation
46.7%
Sherman Hemsley, Marla Gibbs, Isabel SanfordThe Jeffersons
45.7%
David Spade, Enrico Colantoni, Laura San GiacomoJust Shoot Me!
45.5%
Thomas Calabro, Laura Leighton, Heather LocklearMelrose Place
45.3%
Demond Wilson, Whitman Mayo, Redd FoxxSanford and Son
44.6%
Valerie Harper, Ed Asner, Ted KnightThe Mary Tyler Moore Show
44.2%
Donald Glover, Joel McHale, Danny PudiCommunity
43.3%
Aaron Paul, Bryan Cranston, Dean NorrisBreaking Bad
42.7%
Tyne Daly, Sharon Gless, Al WaxmanCagney & Lacey
40%
Dave Foley, Phil Hartman, Maura TierneyNewsRadio
39.1%
John Schneider, Catherine Bach, Tom WopatThe Dukes of Hazzard
38.9%
Fred Gwynne, Al Lewis, Butch PatrickThe Munsters
38.4%
Claire Danes, Jared Leto, A.J. LangerMy So-Called Life
37.7%
Michael Chiklis, Catherine Dent, Walton GogginsThe Shield
37.3%
Irene Ryan, Buddy Ebsen, Donna DouglasThe Beverly Hillbillies
36.6%
James MacArthur, Jack Lord, Kam Fong ChunHawaii Five-O
35%
Michael Weatherly, John Savage, Jessica AlbaDark Angel
31.5%
Julia Duffy, Tom Poston, Mary FrannNewhart
28.7%
Tom Cavanagh, Julie Bowen, Josh RandallEd
28.6%
Rob Morrow, Janine Turner, Barry CorbinNorthern Exposure
28.3%
Gina Torres, Nathan Fillion, Morena BaccarinFirefly
28.1%
Jeffrey Tambor, Garry Shandling, Rip TornThe Larry Sanders Show
27.6%
Mandy Patinkin, Jayne Brook, Héctor ElizondoChicago Hope
26.2%
Michael Cole, Clarence Williams III, Peggy LiptonThe Mod Squad
25%
Tom Skerritt, Fyvush Finkel, Lauren HollyPicket Fences
24.7%
Gabrielle Anwar, Jeffrey Donovan, Bruce CampbellBurn Notice
23.5%
Timothy Olyphant, Molly Parker, Ian McShaneDeadwood
22.2%
Garret Dillahunt, Martha Plimpton, Lucas NeffRaising Hope
17.1%
Jonathan Harris, Bill Mumy, Guy WilliamsLost In Space
17%
Terry Crews, Tyler James Williams, Tichina ArnoldEverybody Hates Chris
16.2%
Avery Brooks, Nana Visitor, René AuberjonoisStar Trek: Deep Space Nine
15.2%
Ken Marino, Lizzy Caplan, Adam ScottParty Down
11.9%
Nick Kroll, Mark Duplass, Stephen RannazzisiThe League
9.4%
Saul Rubinek, Eddie McClintock, Joanne KellyWarehouse 13
5.4%
Caroline Dhavernas, Katie Finneran, Tyron LeitsoWonderfalls
3.5%
Joel Gretsch, Patrick Flueger, Jacqueline McKenzieThe 4400
3.3%

You're not logged in!

Compare scores with friends on all Sporcle quizzes.
OR
Log In

You Might Also Like...

Show Comments

Extras

Top Quizzes Today


Score Distribution

Your Account Isn't Verified!

In order to create a playlist on Sporcle, you need to verify the email address you used during registration. Go to your Sporcle Settings to finish the process.

Report this User

Report this user for behavior that violates our Community Guidelines.

Details: